George Ezra - The Sun Went Down Lyrics - Statistics

General Stats
  • This quiz has been taken 23 times
  • The average score is 90 of 100
Answer Stats
Lyrics % Correct
Down,
100%
down,
100%
down
100%
sun
100%
the
100%
went
100%
I
92%
I'm
92%
so
77%
could
69%
die
69%
happy,
69%
now
69%
No matching quizzes found
Score Distribution
Percent of People with Each Score
Percentile by Number Answered
Your Score History
You have not taken this quiz